|
|
|
|
| LEADER |
00000nam a2200000 a 4500 |
| 001 |
vtls001355474 |
| 003 |
SK-MaSNL |
| 005 |
20260301114930.0 |
| 008 |
240313s1978 xx 0 und |
| 035 |
|
|
|a SNK000308937
|
| 040 |
|
|
|a SNK
|b slo
|c SNK
|e AACR2
|
| 100 |
1 |
|
|a Pištěková, Jarmila
|4 aut
|9 63447
|
| 245 |
1 |
|
|a Letectví
|b Výběrová bibliografie
|
| 260 |
|
|
|a Kladno
|b Krajská knihovna v Kladne
|c 1978
|
| 300 |
|
|
|a 26 s.
|
| 958 |
|
|
|a OND
|
| 999 |
|
|
|c 720293
|d 722223
|
| 952 |
|
|
|a SNK
|b SNK
|y VYP
|7 0
|p 17A0498513
|o snkID 77090
|i snkKIP 5505/82
|3 rekatalogizácia
|0 0
|1 0
|4 0
|d 2006-02-17
|l 0
|r 2026-02-23 21:57:48
|w 2026-02-23
|
| 952 |
|
|
|t P60, <04>, [BOOK], {604}
|a SNK
|b SNK
|y VYP
|7 0
|p 17A0180081
|o snkID 77090 D1
|0 0
|1 1
|4 0
|d 1999-02-17
|l 0
|r 2005-01-02 00:00:00
|w 2026-02-23
|